000 00829nas a2200253 4500
001 BR2012004238
003 BR-BrBNA
005 20231205120704.0
007 ta
008 230509b bl.|||p| |||| 00| 00por d
040 _aBR-BrBNA
_bpor
_cBiblioteca Nacional de Agricultura
041 _a(Pt)
072 _aF50
100 1 _aBoechat, S. de C.
100 1 _aValls, J.F.M.
245 1 _aO gênero Tridens Roemer e Schultes (GRAMINEAE, CHLORIDOIDEAE)no Brasil, com ênfase em sua distribuição no Estado do Rio Grande do Sul
650 _aGRAMINEAE
650 _aGRAMINEA
650 _aRIO GRANDE DO SUL
650 _aMORFOLOGIA VEGETAL
773 0 _tIheringia. Série Botânica (Brazil)
_xISSN 0073-4705
_g(Sep 1986), v. 35 p. 25-43
_wBR2012004238
909 _a202311
_bLúcia
_c55
_dLúcia Elande
942 _2AGRIS
_n0
_cANA
999 _c219781
_d219781